Statistics for Countries Two Borders Away From China

Click here to take the quiz!

General Stats

  • This quiz has been taken 1,179 times
  • The average score is 15 of 17

Answer Stats

Country 1Country 2% Correct
North Korea, RussiaSouth Korea
93%
RussiaUkraine
91%
Afghanistan, PakistanIran
90%
KazakhstanTurkmenistan
90%
Laos, VietnamCambodia
89%
Kazakhstan, Kyrgyzstan, TajikistanUzbekistan
89%
RussiaEstonia
88%
RussiaFinland
88%
RussiaLatvia
88%
RussiaLithuania
88%
Burma, LaosThailand
88%
RussiaAzerbaijan
87%
RussiaBelarus
87%
RussiaGeorgia
87%
Burma, IndiaBangladesh
84%
RussiaPoland
80%
RussiaNorway
77%

Score Distribution

Percentile by Number Answered

Percent of People with Each Score

Your Score History

You have not taken this quiz